[Event "Superettan(Wasa-Rockaden II,Sthlm)"]
[Site "?"]
[Date "2008.10.25"]
[Round "1"]
[White "Collett, Peter"]
[Black "Sandbom, Jonas"]
[Result "0-1"]
[WhiteElo "2267"]
[BlackElo "2212"]
[PlyCount "84"]

1. d4 Nf6 2. c4 g6 3. Nc3 d5 4. Bf4 Bg7 5. e3 O-O 6. Rc1 c5 7. dxc5 Qa5 8. cxd5
Ne4 9. Nf3 Nxc3 10. Qd2 Qxc5 11. bxc3 Rd8 12. c4 Nc6 13. Be2 Bf5 14. O-O Rac8
15. Rfd1 e5 16. Bg5 f6 17. Bh4 g5 18. Bg3 b6 19. h4 h6 20. Qb2 Na5 21. Nd2 Bf8
22. e4 Bd7 23. Rb1 Nb7 24. Nb3 Qb4 25. hxg5 hxg5 26. f3 Nd6 27. Nd2 Qxb2 28.
Rxb2 Rc7 29. Bf2 Rdc8 30. Be3 Nb7 31. Nb3 Nd6 32. c5 bxc5 33. Nxc5 Rxc5 34.
Bxc5 Rxc5 35. Bd3 Ba4 36. Rdb1 Rc3 37. Rd2 g4 38. Be2 g3 39. Rdb2 Bh6 40. Bf1
Be3+ 41. Kh1 Rc7 42. Rb8+ Be8 0-1

[Event "Superettan(Wasa-Rockaden II,Sthlm)"]
[Site "?"]
[Date "2008.10.25"]
[Round "1"]
[White "Westerberg, Jonathan"]
[Black "Nordstrom, Felix"]
[Result "1-0"]
[WhiteElo "2149"]
[BlackElo "2222"]
[PlyCount "75"]

1. e4 c5 2. Nf3 e6 3. d4 cxd4 4. Nxd4 a6 5. Be2 Nf6 6. Nc3 d6 7. O-O Qc7 8. Bg5
Be7 9. a4 Nc6 10. Kh1 O-O 11. Qd2 Bd7 12. Rad1 Rfd8 13. Qe3 h6 14. Bh4 Nxd4 15.
Qxd4 Bc6 16. f4 Rab8 17. Qe3 Ng4 18. Bxg4 Bxh4 19. f5 Qe7 20. fxe6 fxe6 21. Qh3
Bd7 22. e5 d5 23. Ne2 Bg5 24. Nd4 Re8 25. b3 b5 26. a5 g6 27. Rf2 h5 28. Be2
Qg7 29. Qg3 Be7 30. Bd3 g5 31. Qh3 Qxe5 32. Re2 Qg7 33. Qxh5 Bf6 34. Nf3 Re7
35. Bg6 Be8 36. Bxe8 Rbxe8 37. Qg4 Qg6 38. h4 1-0

[Event "Superettan(Wasa-Rockaden II,Sthlm)"]
[Site "?"]
[Date "2008.10.25"]
[Round "1"]
[White "Soderberg, Per"]
[Black "Backman, Michael"]
[Result "1-0"]
[WhiteElo "2214"]
[BlackElo "2118"]
[PlyCount "165"]

1. e4 c5 2. Nf3 d6 3. Bb5+ Nc6 4. O-O Bd7 5. a4 e6 6. d4 cxd4 7. Nxd4 a6 8. Be2
Be7 9. Nc3 Nf6 10. Be3 O-O 11. Nb3 b6 12. f4 Qc7 13. Rf2 Rfe8 14. Bf3 Rab8 15.
g4 Bc8 16. g5 Nd7 17. Bg2 Na5 18. Nd4 Nc4 19. Bc1 Bf8 20. b3 Na5 21. Bb2 Nc6
22. Nce2 Nxd4 23. Nxd4 e5 24. Nf5 Nc5 25. Ne3 exf4 26. Nd5 Qd8 27. Rxf4 Qxg5
28. Qf3 Rb7 29. h4 Qh6 30. h5 Be6 31. Rf1 Bxd5 32. exd5 f6 33. Bc1 Qg5 34. Re4
Nxe4 35. Bxg5 Nxg5 36. Qf4 Rc7 37. c4 Rce7 38. Qd4 Rb7 39. Ra1 Nf7 40. b4 Re5
41. Qg4 f5 42. Qg3 a5 43. Qc3 g5 44. hxg6 hxg6 45. Re1 Bg7 46. bxa5 Re4 47. Qc1
Bd4+ 48. Kf1 Rxe1+ 49. Qxe1 bxa5 50. Qxa5 Rb1+ 51. Ke2 Rb2+ 52. Kd3 Bc5 53. Bf1
Rf2 54. Qe1 Ne5+ 55. Kc3 f4 56. Qb1 Rf3+ 57. Kc2 Rf2+ 58. Kc3 f3 59. a5 Kg7 60.
a6 Kf6 61. Bh3 Rh2 62. Bf1 Rh1 63. Qc1 g5 64. Kb3 g4 65. Qf4+ Kg6 66. Bd3+ Nxd3
67. Qxg4+ Kh6 68. Qxf3 Nf2 69. Qf6+ Kh5 70. a7 Rh3+ 71. Kc2 Ra3 72. Qh8+ Kg4
73. a8=Q Rxa8 74. Qxa8 Ne4 75. Qf8 Ng5 76. Kd3 Nh3 77. Qf6 Nf4+ 78. Ke4 Nh3 79.
Qf3+ Kh4 80. Kf5 Nf2 81. Qg2 Be3 82. Qh2+ Nh3 83. Qxd6 1-0

[Event "Superettan(Wasa-Rockaden II,Sthlm)"]
[Site "?"]
[Date "2008.10.25"]
[Round "1"]
[White "Hanoman, Tony"]
[Black "Safholm, Sten"]
[Result "0-1"]
[WhiteElo "1952"]
[BlackElo "1954"]
[PlyCount "88"]

1. e4 c5 2. Nf3 e6 3. d4 cxd4 4. Nxd4 a6 5. Bd3 g6 6. c4 Bg7 7. Nf3 Ne7 8. Qe2
Nbc6 9. Nc3 Qc7 10. O-O O-O 11. Rd1 Nd4 12. Nxd4 Bxd4 13. Bh6 Re8 14. Rac1 b6
15. Bb1 Be5 16. g3 Bb7 17. Be3 Bc6 18. Nd5 exd5 19. cxd5 Bb5 20. Qd2 Qb7 21. f4
Bg7 22. Qb4 Rac8 23. Rxc8 Nxc8 24. a4 Be2 25. Re1 a5 26. Qb3 Bf3 27. Bd2 Bd4+
28. Kf1 Bg4 29. Kg2 d6 30. Bxa5 Re7 31. Bc3 Bxc3 32. bxc3 Qa6 33. c4 Ra7 34.
Bc2 Qa5 35. Rf1 Bd7 36. Qb2 Qd2+ 37. Rf2 Qe3 38. Qf6 Bh3+ 39. Kxh3 Qxf2 40.
Qd8+ Kg7 41. e5 dxe5 42. fxe5 Qf1+ 43. Kh4 Qxc4+ 44. Kh3 Re7 0-1

[Event "Superettan(Wasa-Rockaden II,Sthlm)"]
[Site "?"]
[Date "2008.10.25"]
[Round "1"]
[White "Cleanthous, Demetris"]
[Black "Laveborg, Victor"]
[Result "1-0"]
[WhiteElo "1907"]
[BlackElo "1845"]
[PlyCount "145"]

1. d4 Nf6 2. Nf3 e6 3. Bg5 d5 4. e3 Be7 5. Be2 O-O 6. O-O c6 7. Bxf6 Bxf6 8.
Nbd2 Nd7 9. c4 Re8 10. cxd5 exd5 11. b4 Qe7 12. Qb1 g6 13. Bd3 Nb6 14. a4 Bd7
15. a5 Nc8 16. Re1 Nd6 17. h3 a6 18. Nb3 Rad8 19. Nc5 Bc8 20. Qc2 Bg7 21. Rab1
f5 22. Bf1 Kh8 23. Nd3 Nf7 24. Qc5 Qd6 25. Qxd6 Rxd6 26. h4 Rf6 27. Nfe5 Nxe5
28. dxe5 Rf7 29. f4 Rd8 30. Nc5 Bf8 31. Red1 Bxc5 32. bxc5 h6 33. Rd4 Rg7 34.
Kf2 g5 35. hxg5 hxg5 36. g3 Rdg8 37. Rb3 Rh7 38. Bg2 gxf4 39. exf4 Rg6 40. Rb1
Rhg7 41. Rh1+ Kg8 42. Rh3 Rh7 43. Rxh7 Kxh7 44. Rd1 Rh6 45. Ke3 Kg6 46. Rh1
Rxh1 47. Bxh1 Be6 48. Kd4 Bf7 49. Bf3 Be6 50. Bd1 Kh6 51. Ke3 Kg6 52. Bc2 Kh5
53. Kf3 Bd7 54. g4+ fxg4+ 55. Kg3 d4 56. f5 Kg5 57. e6 Be8 58. Bd3 Bh5 59. Bc2
Kf6 60. Bd3 Kg5 61. Bc2 Kf6 62. Be4 Ke5 63. Bd3 Kd5 64. Kf4 Kxc5 65. Ke5 Kb4
66. f6 Kc3 67. f7 Bxf7 68. exf7 Kxd3 69. f8=Q Kc4 70. Qf7+ Kc3 71. Qf4 c5 72.
Kd5 Kb4 73. Qc7 1-0

[Event "Superettan(Rodeby-Eskilstuna)"]
[Site "?"]
[Date "2008.10.25"]
[Round "1"]
[White "Logdahl, Harald"]
[Black "Svensson, Anders"]
[Result "1-0"]
[WhiteElo "2303"]
[BlackElo "2340"]
[PlyCount "99"]

1. e4 c5 2. Nc3 Nc6 3. g3 g6 4. Bg2 Bg7 5. d3 d6 6. f4 e5 7. Nf3 Nge7 8. O-O
O-O 9. f5 gxf5 10. Nh4 Nd4 11. Nd5 Nxd5 12. exd5 f4 13. c3 f3 14. Nxf3 Nxf3+
15. Qxf3 f5 16. Qh5 Qf6 17. Bg5 Qf7 18. Qh4 Bd7 19. Rf2 Bf6 20. Raf1 Bxg5 21.
Qxg5+ Qg6 22. Qh4 Qf6 23. Bh3 Qxh4 24. gxh4 Kg7 25. Bxf5 Bxf5 26. Rxf5 Rxf5 27.
Rxf5 c4 28. dxc4 Rc8 29. Rg5+ Kf6 30. b3 b5 31. Kf2 bxc4 32. b4 a5 33. a3 axb4
34. axb4 Rb8 35. Ke3 h6 36. Rg4 Kf5 37. Rg1 Rb5 38. Rf1+ Kg4 39. Ke4 h5 40. Rf6
Rb6 41. Rf8 Kxh4 42. Rc8 Kh3 43. Rc6 Rb8 44. Rxd6 Rh8 45. Re6 h4 46. d6 Kxh2
47. d7 Rd8 48. Rd6 Kg2 49. Kxe5 h3 50. Ke6 1-0

[Event "Superettan(Rodeby-Eskilstuna)"]
[Site "?"]
[Date "2008.10.25"]
[Round "1"]
[White "Greiff, Hakan"]
[Black "Alm, Hakan"]
[Result "1-0"]
[WhiteElo "2272"]
[BlackElo "2315"]
[PlyCount "57"]

1. e4 Nf6 2. e5 Nd5 3. Nc3 Nxc3 4. dxc3 d6 5. Bc4 Nc6 6. Nf3 Bf5 7. exd6 Qxd6
8. Qe2 e5 9. Bg5 f6 10. Rd1 Qe7 11. Be3 g5 12. b4 h6 13. Nh4 Bd7 14. Ng6 Qg7
15. Nxh8 Qxh8 16. b5 Nb8 17. Qh5+ Kd8 18. h4 Qg7 19. hxg5 fxg5 20. Qf3 Kc8 21.
O-O Bd6 22. Bd5 c6 23. Be4 Kc7 24. c4 Be6 25. c5 Be7 26. Qe2 Qf8 27. Qd2 Bc4
28. bxc6 b6 29. Qc3 1-0

[Event "Superettan(Rodeby-Eskilstuna)"]
[Site "?"]
[Date "2008.10.25"]
[Round "1"]
[White "Carlberg, Gunnar"]
[Black "Wahlbom, Magnus"]
[Result "0-1"]
[WhiteElo "2047"]
[BlackElo "2235"]
[PlyCount "84"]

1. d4 Nf6 2. c4 e6 3. Nc3 Bb4 4. e3 c5 5. Bd3 Nc6 6. Nge2 d5 7. O-O O-O 8. a3
Bxc3 9. bxc3 dxc4 10. Bxc4 Qc7 11. f4 Rd8 12. Bd3 b6 13. Ng3 Bb7 14. Nh5 Nxh5
15. Qxh5 g6 16. Qe2 Rac8 17. Bb2 Na5 18. Rac1 c4 19. Bc2 f5 20. Rce1 Be4 21.
Bxe4 fxe4 22. Qg4 Qf7 23. h4 h5 24. Qh3 Qf5 25. Kh2 Nc6 26. Rg1 Qxh3+ 27. Kxh3
Kf7 28. Rb1 Ne7 29. a4 Rd5 30. Ba3 Nf5 31. Rge1 Ra5 32. Rb4 Ne7 33. Rb5 Rxb5
34. axb5 Nd5 35. Bb4 Nxb4 36. cxb4 Ke7 37. Rc1 c3 38. Kg3 Kd6 39. Kf2 Kd5 40.
Ke2 Kc4 41. Ra1 Rc7 42. Kd1 Kd3 0-1

[Event "Superettan(Rodeby-Eskilstuna)"]
[Site "?"]
[Date "2008.10.25"]
[Round "1"]
[White "Laksman, Efraim"]
[Black "Eriksson, Bo"]
[Result "1-0"]
[WhiteElo "2200"]
[BlackElo "2081"]
[PlyCount "49"]

1. c4 Nc6 2. Nc3 e5 3. g3 Nf6 4. Bg2 g6 5. d3 Bg7 6. Nf3 O-O 7. O-O d6 8. Rb1
a5 9. a3 Bg4 10. Nd5 Nxd5 11. cxd5 Bxf3 12. Bxf3 Nd4 13. Bg2 a4 14. b4 f5 15.
e3 Nb5 16. Bb2 e4 17. Bxg7 Kxg7 18. Qd2 Qf6 19. Rbc1 Rf7 20. dxe4 Nxa3 21. Qd3
Qb2 22. Ra1 Nc2 23. Rab1 Qa2 24. Qc3+ Kg8 25. Rb2 1-0

[Event "Superettan(Rodeby-Eskilstuna)"]
[Site "?"]
[Date "2008.10.25"]
[Round "1"]
[White "Didriksson, Mikael"]
[Black "Ostling, Hakan"]
[Result "1-0"]
[WhiteElo "2073"]
[BlackElo "2185"]
[PlyCount "80"]

1. e4 g6 2. d4 Bg7 3. g3 d6 4. Bg2 Nc6 5. Be3 e5 6. Ne2 Nf6 7. h3 O-O 8. Nbc3
Nd7 9. d5 Ne7 10. Qd2 Nb6 11. b3 f5 12. a4 Nd7 13. O-O Nf6 14. Bg5 fxe4 15.
Bxf6 Bxf6 16. Nxe4 Bg7 17. c4 Bd7 18. a5 Nf5 19. b4 Qe7 20. Qd3 Rad8 21. b5 b6
22. axb6 axb6 23. Ra7 Be8 24. N4c3 g5 25. Be4 Bg6 26. Kg2 Rf7 27. Bxf5 Bxf5 28.
Ne4 g4 29. hxg4 Bxg4 30. f3 Bh5 31. g4 Bg6 32. N2g3 Rdf8 33. Qa3 Qd8 34. Qe3
Rf4 35. Ne2 R4f7 36. N2g3 Bf6 37. Nxf6+ Qxf6 38. Ne4 Bxe4 39. Qxe4 Qg5 40. Qe2
h5 1-0

[Event "Superettan(Rodeby-Eskilstuna)"]
[Site "?"]
[Date "2008.10.25"]
[Round "1"]
[White "Eriksson, Bengt"]
[Black "Logdahl, Ulf"]
[Result "0-1"]
[WhiteElo "1990"]
[BlackElo "1938"]
[PlyCount "64"]

1. d4 f5 2. Nc3 Nf6 3. Bg5 e6 4. g4 fxg4 5. e4 Be7 6. Bxf6 Bxf6 7. e5 Bg5 8.
Qxg4 O-O 9. Nh3 Bh6 10. Bd3 Nc6 11. Qe4 g6 12. Rg1 Ne7 13. f4 d5 14. exd6 cxd6
15. O-O-O e5 16. dxe5 Bxh3 17. exd6 Bxf4+ 18. Kb1 Bxd6 19. Bc4+ Kg7 20. Qd4+
Rf6 21. Ne4 Nf5 22. Qc3 Rc8 23. Ng5 Nh6 24. Qxh3 Rxc4 25. Ne6+ Rxe6 26. Qxe6
Rc6 27. Rgf1 Nf5 28. Rxf5 gxf5 29. Rg1+ Kh8 30. Qxf5 Qf8 31. Qe6 Bxh2 32. Qe4
Bxg1 0-1

[Event "Superettan(Rodeby-Eskilstuna)"]
[Site "?"]
[Date "2008.10.25"]
[Round "1"]
[White "Lonngren, Tobias"]
[Black "Dolgov, Mikhail"]
[Result "1-0"]
[WhiteElo "1981"]
[BlackElo "1988"]
[PlyCount "133"]

1. d4 f5 2. g3 Nf6 3. Bg2 e6 4. c4 d5 5. Nf3 c6 6. Qc2 Bd6 7. O-O O-O 8. b3 Bd7
9. Ba3 Ne4 10. Bxd6 Nxd6 11. Nbd2 Be8 12. Ne5 Nd7 13. Nd3 Bh5 14. Nf4 Qe8 15.
Nf3 Bxf3 16. exf3 g5 17. Nd3 Qg6 18. f4 g4 19. Ne5 Nxe5 20. fxe5 Ne4 21. f3
gxf3 22. Rxf3 Qg5 23. Rf4 Rad8 24. cxd5 exd5 25. Raf1 Rd7 26. b4 Rdf7 27. a4
Qe7 28. Rb1 Ng5 29. b5 Ne6 30. bxc6 Nxf4 31. gxf4 bxc6 32. Qxc6 Rg7 33. Qxd5+
Kh8 34. Rb7 Qxb7 35. Qxb7 Rxb7 36. Bxb7 Kg7 37. a5 Kf7 38. d5 Rg8+ 39. Kf2 Ke7
40. d6+ Kd7 41. Ke3 Rg4 42. Kd4 Rg1 43. Kd5 Rd1+ 44. Kc5 Rc1+ 45. Kb5 h5 46.
Bd5 h4 47. Bc4 Ra1 48. a6 h3 49. Kc5 Rc1 50. e6+ Kd8 51. Kd5 Rb1 52. e7+ Ke8
53. Be2 Kd7 54. Bh5 Rb5+ 55. Kc4 Rb8 56. e8=Q+ Rxe8 57. Bxe8+ Kxe8 58. Kd5 Kd8
59. Ke6 Ke8 60. Kxf5 Kd7 61. Ke5 Kd8 62. Ke6 Ke8 63. f5 Kd8 64. f6 Ke8 65. f7+
Kf8 66. d7 Kg7 67. d8=Q 1-0

[Event "Superettan(Rodeby-Eskilstuna)"]
[Site "?"]
[Date "2008.10.25"]
[Round "1"]
[White "Lundgren, Ulf"]
[Black "Bragesjo, Tomas"]
[Result "1/2-1/2"]
[WhiteElo "1988"]
[BlackElo "1694"]
[PlyCount "77"]

1. e4 c5 2. Nf3 d6 3. d4 cxd4 4. Nxd4 Nf6 5. Nc3 g6 6. Be2 Bg7 7. Bg5 O-O 8.
Qd2 Nc6 9. Nb3 Be6 10. Bh6 Rc8 11. Bxg7 Kxg7 12. f4 Na5 13. e5 Ne8 14. O-O-O
Nxb3+ 15. axb3 Qa5 16. Qd4 dxe5 17. Qxe5+ Qxe5 18. fxe5 Rc5 19. Bf3 Rxe5 20.
Bxb7 Nd6 21. Bd5 Bf5 22. Rd4 Rc8 23. g4 Bd7 24. Rf1 Bc6 25. Bxc6 Rxc6 26. Ra4
a5 27. Kd2 h5 28. h3 hxg4 29. hxg4 Ne8 30. Rff4 Nf6 31. Rfd4 Rc8 32. b4 axb4
33. Raxb4 Rh8 34. Nd1 Rh2+ 35. Kd3 Rh3+ 36. Kd2 Rh2+ 37. Kd3 Rh3+ 38. Kd2 Rh2+
39. Kd3 1/2-1/2

[Event "Superettan(Eksjo-Eskilstuna)"]
[Site "?"]
[Date "2008.10.26"]
[Round "2"]
[White "Alm, Hakan"]
[Black "Vernersson, Per"]
[Result "0-1"]
[WhiteElo "2315"]
[BlackElo "2456"]
[PlyCount "52"]
[EventDate "2008.??.??"]
[SourceDate "2008.11.24"]

1. c4 e6 2. Nc3 d5 3. d4 Be7 4. Bf4 Nf6 5. e3 O-O 6. Rc1 dxc4 7. Bxc4 c5 8. Qf3
Nc6 9. Nge2 cxd4 10. exd4 Nxd4 11. Nxd4 Qxd4 12. Nb5 Bb4+ 13. Kf1 Qxb2 14. Qd1
Ne4 15. Rc2 Qf6 16. Be3 Bc5 17. Bd3 Bxe3 18. Bxe4 Rd8 19. Qb1 Bd7 20. g3 Bc6
21. Re2 Bb6 22. Bxh7+ Kh8 23. Be4 Rd1+ 24. Qxd1 Bxe4 25. Rg1 Rd8 26. Nd6 Bf3
0-1

[Event "Superettan(Eksjo-Eskilstuna)"]
[Site "?"]
[Date "2008.10.26"]
[Round "2"]
[White "Ornstein, Axel"]
[Black "Logdahl, Harald"]
[Result "1/2-1/2"]
[WhiteElo "2453"]
[BlackElo "2303"]
[PlyCount "82"]
[EventDate "2008.??.??"]

1. Nf3 d5 2. c4 d4 3. b4 Bg4 4. Qb3 f6 5. e4 e5 6. c5 a5 7. Bc4 a4 8. Qc2 Nc6
9. a3 Bxf3 10. gxf3 d3 11. Qxd3 Qxd3 12. Bxd3 Nd4 13. Nc3 O-O-O 14. Ra2 Nxf3+
15. Ke2 Nd4+ 16. Kd1 Ne7 17. Nxa4 Ng6 18. Bc4 Nf4 19. d3 Nf3 20. Be3 Kb8 21.
Nc3 c6 22. Nb1 Be7 23. Nd2 Nd4 24. Bxd4 Rxd4 25. Nb3 Rd7 26. Rd2 Kc7 27. Kc2
Ra8 28. Ra1 b5 29. cxb6+ Kxb6 30. Kc3 g6 31. a4 f5 32. a5+ Ka7 33. Nc5 Rd4 34.
Nb3 fxe4 35. Nxd4 exd4+ 36. Kxd4 Bf6+ 37. Kxe4 Bxa1 38. Kxf4 Rf8+ 39. Kg3 Bc3
40. Re2 Bxb4 41. a6 Kb6 1/2-1/2

[Event "Superettan(Eksjo-Eskilstuna)"]
[Site "?"]
[Date "2008.10.26"]
[Round "2"]
[White "Eriksson, Bo"]
[Black "de Verdier, Michael"]
[Result "0-1"]
[WhiteElo "2081"]
[BlackElo "2255"]
[PlyCount "86"]

1. e4 c5 2. Nf3 d6 3. d4 cxd4 4. Nxd4 Nf6 5. Nc3 Nc6 6. Bg5 Bd7 7. Qd2 Rc8 8.
O-O-O Nxd4 9. Qxd4 Qa5 10. Bxf6 gxf6 11. Kb1 Qc5 12. Qd2 e6 13. f4 b5 14. e5 f5
15. Ne2 Bc6 16. exd6 Rd8 17. Qc3 Qxc3 18. Nxc3 a6 19. a4 b4 20. Na2 a5 21. Bb5
Bxb5 22. axb5 Bxd6 23. c4 bxc3 24. bxc3 Ke7 25. g3 Rb8 26. c4 Rhc8 27. Rc1 Rc7
28. Rc3 Rbc8 29. Rhc1 Bc5 30. Rd3 Bb6 31. Rdc3 h5 32. Kb2 Bd4 33. Kb3 Bxc3 34.
Rxc3 Kd6 35. Nc1 Kc5 36. Nd3+ Kd4 37. b6 Rxc4 38. Rxc4+ Rxc4 39. b7 Kxd3 40.
b8=Q Rb4+ 41. Qxb4 axb4 42. Kxb4 Ke4 43. Kc4 f6 0-1

[Event "Superettan(Eksjo-Eskilstuna)"]
[Site "?"]
[Date "2008.10.26"]
[Round "2"]
[White "Krantz, Christopher"]
[Black "Carlberg, Gunnar"]
[Result "1-0"]
[WhiteElo "2214"]
[BlackElo "2047"]
[PlyCount "65"]

1. e4 g6 2. d4 Bg7 3. Nc3 d6 4. Be3 c6 5. Qd2 Qc7 6. Nf3 b5 7. a4 b4 8. Ne2 a5
9. Ng3 Ba6 10. Bxa6 Rxa6 11. h4 h6 12. h5 g5 13. Nf5 Bf8 14. e5 d5 15. Nh2 e6
16. Ng3 c5 17. Ng4 Nd7 18. O-O cxd4 19. Bxd4 Rc6 20. Rac1 Bc5 21. c3 Ne7 22.
Kh1 Nf5 23. Nxf5 exf5 24. e6 Rxe6 25. Bxh8 fxg4 26. cxb4 axb4 27. Qxd5 Qf4 28.
b3 Qd6 29. Qxd6 Rxd6 30. Rfd1 Ra6 31. Rxd7 Kxd7 32. Rxc5 Rxa4 33. Bg7 1-0

[Event "Superettan(Eksjo-Eskilstuna)"]
[Site "?"]
[Date "2008.10.26"]
[Round "2"]
[White "Didriksson, Mikael"]
[Black "Andersson, Johan"]
[Result "1/2-1/2"]
[WhiteElo "2073"]
[BlackElo "2148"]
[PlyCount "32"]

1. e4 d6 2. d4 Nf6 3. f3 e5 4. dxe5 dxe5 5. Qxd8+ Kxd8 6. Bc4 Ke8 7. Be3 Nbd7
8. Nc3 c6 9. Nh3 Bc5 10. Bxc5 Nxc5 11. Nf2 Be6 12. Bxe6 Nxe6 13. Nd3 Nd7 14.
Nd1 Ke7 15. Ne3 g6 16. O-O-O f6 1/2-1/2

[Event "Superettan(Eksjo-Eskilstuna)"]
[Site "?"]
[Date "2008.10.26"]
[Round "2"]
[White "Thornert, Hakan"]
[Black "Lonngren, Tobias"]
[Result "1/2-1/2"]
[WhiteElo "2204"]
[BlackElo "1981"]
[PlyCount "57"]

1. e4 c6 2. d4 d5 3. f3 e6 4. Be3 b6 5. Qd2 Ba6 6. Bxa6 Nxa6 7. Nc3 Nb8 8. Nge2
Nd7 9. O-O-O Qc7 10. Bf4 Bd6 11. exd5 exd5 12. Bxd6 Qxd6 13. Ng3 Ne7 14. Rhe1
O-O 15. Re3 Ng6 16. Rde1 Nf6 17. Nd1 Rae8 18. Nf2 Rxe3 19. Rxe3 Re8 20. Nd3
Rxe3 21. Qxe3 Qe6 22. Kd2 Nd7 23. Qg5 Qe7 24. Qxe7 Nxe7 25. Ke3 g6 26. c3 f6
27. h4 Kf7 28. Nf4 Nf8 29. Kf2 1/2-1/2

[Event "Superettan(Eksjo-Eskilstuna)"]
[Site "?"]
[Date "2008.10.26"]
[Round "2"]
[White "Logdahl, Ulf"]
[Black "Akvist, Hakan"]
[Result "1-0"]
[WhiteElo "1938"]
[BlackElo "2145"]
[PlyCount "71"]

1. e4 e6 2. Nf3 d5 3. e5 c5 4. b4 cxb4 5. a3 Nc6 6. axb4 Bxb4 7. c3 Bf8 8. d4
f6 9. Bd3 fxe5 10. dxe5 Qc7 11. Qe2 Nh6 12. Bf4 Nf7 13. h4 g6 14. Na3 Bg7 15.
Nb5 Qb8 16. Nbd4 O-O 17. Nxc6 bxc6 18. O-O Bd7 19. Rfe1 a5 20. h5 Nh8 21. Bg5
Rf7 22. Nh4 gxh5 23. Bd2 Qa7 24. Be3 Qc7 25. f4 Be8 26. Qxh5 Rf5 27. Qg4 Bh5
28. Qh3 Bg6 29. Bxf5 exf5 30. Nxf5 Rf8 31. Nxg7 Kxg7 32. Qg3 Rf5 33. Qf2 Rh5
34. Bd4 Kg8 35. e6 Bf5 36. e7 1-0

[Event "Superettan(Eksjo-Eskilstuna)"]
[Site "?"]
[Date "2008.10.26"]
[Round "2"]
[White "Ghazi Al-Saadi, Ali"]
[Black "Bragesjo, Tomas"]
[Result "0-1"]
[WhiteElo "1983"]
[BlackElo "1694"]
[PlyCount "78"]
[EventDate "2008.??.??"]

1. e4 c5 2. Nf3 d6 3. d4 cxd4 4. Nxd4 Nf6 5. Nc3 g6 6. Be3 Bg7 7. f3 O-O 8. Qd2
Nc6 9. Bc4 Bd7 10. O-O-O Rb8 11. Bb3 Na5 12. h4 b5 13. Qd3 b4 14. Nd5 Nxb3+ 15.
axb3 Nxd5 16. exd5 Qa5 17. h5 Qxd5 18. hxg6 fxg6 19. Rh4 Rf7 20. Qc4 Qxc4 21.
bxc4 Rc8 22. Nb3 Be6 23. c5 Bxb3 24. cxb3 dxc5 25. Rc4 Rf5 26. Rd7 Re5 27. Bd4
Re2 28. g4 Bxd4 29. Rdxd4 cxd4 30. Rxc8+ Kf7 31. Rc4 e5 32. Rxb4 Rf2 33. Rb7+
Ke6 34. Rxa7 Rxf3 35. Kc2 Rf2+ 36. Kc1 d3 37. b4 e4 38. Rxh7 e3 39. Rh3 Rf1#
0-1

[Event "Superettan(Vastervik-Stockholms SS)"]
[Site "?"]
[Date "2008.10.26"]
[Round "2"]
[White "Uddenfeldt, Dan"]
[Black "Karlsson, Jorgen"]
[Result "1-0"]
[WhiteElo "2412"]
[BlackElo "2212"]
[PlyCount "99"]
[SourceDate "2008.11.25"]

1. c4 g6 2. d4 Bg7 3. Nc3 d6 4. Nf3 Nc6 5. d5 Ne5 6. Nxe5 dxe5 7. e4 Nf6 8. Be2
O-O 9. Be3 e6 10. Qb3 exd5 11. cxd5 Ne8 12. Rc1 a6 13. O-O Nd6 14. a4 f5 15.
exf5 Bxf5 16. Qb4 Rf7 17. f3 Bf8 18. Qb3 Qh4 19. g3 Qe7 20. Nd1 Re8 21. Nf2 e4
22. f4 Bc8 23. Rfd1 h5 24. Rc2 Nf5 25. Rc4 Nd6 26. Bc5 Bf5 27. Rc3 Bg7 28. Re3
Qd7 29. Qb4 a5 30. Qb3 b6 31. Bd4 Bxd4 32. Rxd4 Kh7 33. Bb5 Nxb5 34. axb5 Rfe7
35. Qc4 Qd6 36. Kg2 Kh6 37. Qc3 Kh7 38. Qc6 Rd8 39. h3 Qxc6 40. bxc6 Rde8 41.
g4 Bc8 42. Rdxe4 Rxe4 43. Rxe4 Rxe4 44. Nxe4 hxg4 45. hxg4 Kg7 46. Kg3 Kf8 47.
d6 Ba6 48. dxc7 Ke7 49. f5 gxf5 50. gxf5 1-0

[Event "Superettan(Vastervik-Stockholms SS)"]
[Site "?"]
[Date "2008.10.26"]
[Round "2"]
[White "Sternlund, Hakan"]
[Black "Henriksson, Johan"]
[Result "1/2-1/2"]
[WhiteElo "2224"]
[BlackElo "2306"]
[PlyCount "51"]

1. c4 c6 2. e4 e5 3. Nf3 Nf6 4. Nc3 Bb4 5. Qc2 O-O 6. a3 Bxc3 7. dxc3 d5 8.
exd5 e4 9. Nd4 cxd5 10. Bg5 dxc4 11. Bxc4 Nbd7 12. O-O Qa5 13. Nb5 a6 14. b4
Qb6 15. Nd4 Qc7 16. Be2 h6 17. Bh4 Qf4 18. Bg3 Qg5 19. Qc1 Re8 20. f4 exf3 21.
Bxf3 Ne5 22. Qxg5 hxg5 23. Bxe5 Rxe5 24. Rae1 Rxe1 25. Rxe1 g4 26. Be4 1/2-1/2

[Event "Superettan(Vastervik-Stockholms SS)"]
[Site "?"]
[Date "2008.10.26"]
[Round "2"]
[White "Bergstrom, Rolf"]
[Black "Ask, Josef"]
[Result "1/2-1/2"]
[WhiteElo "2365"]
[BlackElo "2228"]
[PlyCount "54"]

1. e4 c5 2. Nf3 e6 3. c4 d5 4. exd5 exd5 5. cxd5 Nf6 6. Nc3 Nxd5 7. Bb5+ Nc6 8.
Qe2+ Be7 9. O-O Be6 10. Ne5 Qd6 11. Nxd5 Qxd5 12. d3 Bd7 13. Nxd7 Qxd7 14. Bg5
f6 15. Bf4 a6 16. Bxc6 Qxc6 17. Rfe1 Qd7 18. Rac1 Kf7 19. d4 Rac8 20. Qc4+ Kf8
21. h3 b5 22. Qe2 c4 23. d5 Bb4 24. Red1 Kf7 25. Qh5+ g6 26. Qh6 Bf8 27. Qh4
Bd6 1/2-1/2

[Event "Superettan(Vastervik-Stockholms SS)"]
[Site "?"]
[Date "2008.10.26"]
[Round "2"]
[White "Nilsson, Victor"]
[Black "Nilsson, Mats"]
[Result "0-1"]
[WhiteElo "2165"]
[BlackElo "2185"]
[PlyCount "64"]

1. d4 e6 2. Nf3 b6 3. e4 Bb7 4. Bd3 d6 5. O-O Nd7 6. Bf4 Ne7 7. c4 Ng6 8. Bg3
Be7 9. Nc3 O-O 10. Qe2 a6 11. a3 e5 12. Rad1 Re8 13. Bc2 Bf6 14. d5 Nf4 15. Qd2
g5 16. b4 g4 17. Bxf4 exf4 18. Nd4 f3 19. Qf4 Ne5 20. gxf3 Ng6 21. Qxg4 Bc8 22.
Qg2 Kh8 23. Kh1 Nf4 24. Qg3 Be5 25. Nc6 Qf6 26. Nxe5 Rxe5 27. Rg1 Bd7 28. Rde1
h6 29. h4 Rh5 30. Rg2 Nxg2 31. e5 Qxh4+ 32. Qxh4 Nxh4 0-1

[Event "Superettan(Vastervik-Stockholms SS)"]
[Site "?"]
[Date "2008.10.26"]
[Round "2"]
[White "Asberg, Anders"]
[Black "Harren, Mats"]
[Result "1-0"]
[WhiteElo "2201"]
[BlackElo "2075"]
[PlyCount "59"]

1. e4 d6 2. d4 Nf6 3. Nc3 Nbd7 4. f4 e5 5. Nf3 exd4 6. Qxd4 c6 7. Be3 d5 8.
exd5 Bc5 9. Qd3 Qe7 10. Nd4 Ng4 11. Nf5 Nde5 12. fxe5 Bxf5 13. Bxc5 Bxd3 14.
Bxe7 Bxf1 15. Bd6 Bc4 16. dxc6 bxc6 17. b3 Be6 18. O-O O-O-O 19. Rae1 Nh6 20.
Ne4 Bd5 21. Nc5 Rhe8 22. c4 Be6 23. Na6 Rd7 24. c5 Rb7 25. Rf4 Kd7 26. Rd1 Bd5
27. Nb4 g5 28. Nxd5 gxf4 29. Nf6+ Kd8 30. Bf8+ 1-0

[Event "Superettan(Vastervik-Stockholms SS)"]
[Site "?"]
[Date "2008.10.26"]
[Round "2"]
[White "Evertsson, Lennart"]
[Black "Broddefalk, Arvid"]
[Result "1-0"]
[WhiteElo "2136"]
[BlackElo "2029"]
[PlyCount "69"]

1. d4 d5 2. c4 c6 3. Nc3 Nf6 4. Nf3 dxc4 5. a4 Bf5 6. e3 e6 7. Bxc4 Bb4 8. O-O
O-O 9. Ne5 Nbd7 10. Nd3 Bd6 11. f4 c5 12. a5 cxd4 13. exd4 Qc7 14. b3 a6 15.
Bd2 b5 16. axb6 Nxb6 17. Ne5 Nfd5 18. Nxd5 exd5 19. Be2 Bc2 20. Qe1 Bxb3 21.
Ba5 Bxe5 22. fxe5 Rab8 23. Rc1 Qa7 24. Bb4 Rfc8 25. Bc5 Rxc5 26. dxc5 Nc4 27.
Qg3 Qxc5+ 28. Kh1 Rb7 29. e6 fxe6 30. Bg4 Qc6 31. Rc3 Ba2 32. Rcf3 g6 33. Rf6
Nd2 34. Rf8+ Kg7 35. Qe5+ 1-0

[Event "Superettan(Schack 08-Rockaden,Umea)"]
[Site "?"]
[Date "2008.11.15"]
[Round "2"]
[White "Malmstig, Erik"]
[Black "Renman, Nils-Gustaf"]
[Result "0-1"]
[WhiteElo "2340"]
[BlackElo "2423"]
[PlyCount "118"]
[EventDate "2008.??.??"]
[SourceDate "2008.11.25"]

1. d4 e6 2. c4 f5 3. g4 Nf6 4. h3 Bb4+ 5. Bd2 Qe7 6. a3 Bxd2+ 7. Nxd2 d6 8. Qc2
e5 9. dxe5 dxe5 10. Ngf3 Nc6 11. e3 e4 12. Nh4 O-O 13. gxf5 Bd7 14. Rg1 Ne5 15.
O-O-O Bc6 16. Nb3 Nfd7 17. Ng2 Ba4 18. c5 Qf7 19. Rxd7 Qxd7 20. Bc4+ Kh8 21.
Nf4 Qxf5 22. Be6 Nd3+ 23. Qxd3 exd3 24. Bxf5 Rxf5 25. Nd4 Rxc5+ 26. Kd2 Bd7 27.
b4 Re5 28. Nxd3 Re7 29. h4 c6 30. Rg5 b6 31. f4 Rc8 32. Nb3 Rf8 33. Ne5 Rf6 34.
Kc3 Kg8 35. Nd4 Rh6 36. h5 Rf6 37. Ndf3 Be8 38. Nd4 h6 39. Rg3 c5 40. bxc5 bxc5
41. Nb3 Ra6 42. Nxc5 Rxa3+ 43. Kb2 Ra5 44. Ne4 Kf8 45. Nd6 Raxe5 46. fxe5 Rxe5
47. Kc3 Bxh5 48. Kd4 Rg5 49. Rh3 Bg4 50. Rh2 Be6 51. e4 h5 52. Nb7 Ke7 53. Nc5
Kd6 54. e5+ Ke7 55. Ne4 Rg4 56. Ke3 Bd5 57. Nc3 Bf7 58. Rb2 Ke6 59. Rb7 Rg5 0-1